| 000 | 05949nam a22006978i 4500 | ||
|---|---|---|---|
| 001 | BDZ0058110723 | ||
| 003 | StDuBDS | ||
| 005 | 20260310112643.0 | ||
| 006 | m|||||o||d|||||||| | ||
| 006 | m|||||o||d|||||||| | ||
| 007 | cr ||||||||||| | ||
| 007 | cr ||||||||||| | ||
| 008 | 251127s2026 enka fo 000|0 eng|d | ||
| 020 |
_a9781040810187 (PDF ebook) : _c120.00 |
||
| 040 |
_aStDuBDS _beng _erda _epn _cStDuBDS _dStDuBDSZ |
||
| 050 | 4 |
_aHD1387 _b.A3 2026 |
|
| 072 | 7 |
_aECO _2ukslc |
|
| 072 | 7 |
_aKC _2bicssc |
|
| 072 | 7 |
_aKFFR _2bicssc |
|
| 072 | 7 |
_aKJMV4 _2bicssc |
|
| 072 | 7 |
_aRGC _2bicssc |
|
| 072 | 7 |
_aRGW _2bicssc |
|
| 072 | 7 |
_aTB _2bicssc |
|
| 072 | 7 |
_aTNCB _2bicssc |
|
| 072 | 7 |
_aTNK _2bicssc |
|
| 072 | 7 |
_aTVB _2bicssc |
|
| 072 | 7 |
_aUYQ _2bicssc |
|
| 072 | 7 |
_aKC _2thema |
|
| 072 | 7 |
_aKFFR _2thema |
|
| 072 | 7 |
_aKJMV4 _2thema |
|
| 072 | 7 |
_aRGC _2thema |
|
| 072 | 7 |
_aRGW _2thema |
|
| 072 | 7 |
_aTB _2thema |
|
| 072 | 7 |
_aTNCB _2thema |
|
| 072 | 7 |
_aTNK _2thema |
|
| 072 | 7 |
_aTVB _2thema |
|
| 072 | 7 |
_aUYQ _2thema |
|
| 082 | 0 | 4 |
_a333.3320285 _223 |
| 245 | 0 | 0 |
_aAdvancing real property valuation _h[electronic resource] : _bAI, drone and emerging digital technologies in professional practice and education / _cedited by Johari Amar, Lynne Armitage. |
| 263 | _a202602 | ||
| 264 | 1 |
_aLondon : _bRoutledge, _c2026. |
|
| 300 |
_a1 online resource (304 pages) : _billustrations (black and white, and colour) |
||
| 336 |
_atext _2rdacontent |
||
| 336 |
_astill image _2rdacontent |
||
| 337 |
_acomputer _2rdamedia |
||
| 338 |
_aonline resource _2rdacarrier |
||
| 366 |
_b20260212 _cAvailable |
||
| 505 | 0 | _a1. Valuation at a crossroads: From resistance to integration of human-digital systems in the profession. Section1: Digital Foundations and Frameworks in Valuation Practice. 2. Emerging AI technologies in the valuation of tangible assets. 3. Artificial intelligence and machine learning in property and real asset valuation: Policies, practices and emerging trends. 4. Coevolution of artificial intelligence technology and the valuation profession. 5. Challenges and opportunities of data collection and computational analysis using AI in real estate valuation. Section 2: Applied Digital Innovations in Valuation Practice. 6. Public sector valuations: Current and emerging technologies, and industry readiness. 7. Airport runway inspections: Transitioning from conventional methods to drone-based solutions. 8. Generative AI prompt engineering basics for real estate appraisers. Section 3: Innovating Valuation Education and Training for the Digital Era. 9. The new role for academics in advancing artificial intelligence in real estate education. 10. The future of valuation education: Incorporating augmented reality tools in training and skill. Section 4: Reflections on Legal, Ethical and Future Directions in Digital Valuation. 11. A(I) legal perspective: Process, procedure, risk and GenAI use. 12.Reflection on AI, big data and analytics in real estate valuation. 13. Quantum valuation: Navigating the disruption, seizing the opportunities in the new era. 14. Valuation beyond the divide: Rethinking professional practice and standards in an era of digital transformation. | |
| 520 | 8 |
_aThis volume examines how AI, drones and emerging digital tools are being integrated into valuation processes across varied contexts. Its scope extends beyond traditional property valuation to urban markets, public assets, infrastructure and ESG assessments and draws on insights from leading academics and industry experts. _bDigital technologies are reshaping the way property and asset values are assessed, regulated and trusted. From automated valuations to drone-assisted site inspections, these advances are influencing professional practice and testing the legal, regulatory and institutional frameworks - including those established by IVSC, API and RICS - that underpin it.This book examines how AI, drones and emerging digital tools are being integrated into valuation processes across varied contexts. Its scope extends beyond traditional property valuation to urban markets, public assets, infrastructure and ESG assessments. Drawing on insights from leading academics and industry experts in Australia and internationally, it's organised into four sections: digital foundations and frameworks, real-world applications and innovations, advancing education and training and legal, ethical and future perspectives. Across these sections, comparative analysis explores how different jurisdictions and sectors are adapting, with particular attention to regulatory compliance, professional standards and the boundaries of automation.Rather than framing technology as an inevitable disruption or existential threat, this book encourages careful, critical engagement with how digital systems shape professional judgement, data transparency and institutional trust. It offers theoretical grounding and curricular models that prepare the next generation of valuation professionals to operate in technology-rich environments and provides detailed case studies and practical strategies to uphold standards, manage risk and ensure accountability when using advanced digital tools. It is an essential resource for anyone concerned with the future of valuation, as well as those seeking to upskill and build confidence in using advanced technologies that are transforming property valuation methods and practices. |
|
| 588 | _aDescription based on CIP data; resource not viewed. | ||
| 650 | 0 | _aVALUATION | |
| 650 | 0 | _aARTIFICIAL INTELLIGENCE | |
| 650 | 0 | _aDRONES | |
| 650 | 0 | _aEBOOK | |
| 690 |
_aValuation _96273 |
||
| 700 | 1 |
_aAmar, Johari, _eeditor. |
|
| 700 | 1 |
_aArmitage, Lynne, _eeditor. |
|
| 776 | 0 | 8 |
_iPrint version : _z9781032872117 |
| 856 | 4 | 0 |
_uhttps://www.vlebooks.com/product/openreader?id=RICS&accId=9491556&isbn=9781040810187 _zAvailable via Vlebooks (email [email protected] for access) |
| 942 | _2ddc | ||
| 999 |
_c122307 _d122307 |
||